000 00726nam a22002297a 4500
999 _c14715
_d14715
003 AR-CdUCM
008 190424b ||||| |||| 00| 0 spa d
020 _a978-84-983-0803-6
040 _aMUNICIPALIDAD PROVINCIAL DEL CUSCO
_cBIBLIOTECA MUNICIPAL DEL CUSCO
041 _hspa
082 _aES / 808.06 /
_bN29
100 _aNavarro Duran, Rosa
_925823
245 _aLa vida y obra de Teresa de Jesús contada a los niños /
260 _aBarcelona :
_bEdebé,
_c2013.
300 _a41 páginas ;
_c28 cm.
_bIlustración
650 _aHistoria
_951869
650 _aReligiosa
_9116
650 _aInfancia
_95236
700 _aVila Declos, Jordi (Ilustraciones)
_933586
942 _2ddc
_cLIBROS
945 _arah
_d24/04/2019